• 首页
  • 本馆介绍
  • 公告通知
  • 最新文献
  • 馆藏检索
  • 电子资源
  • 读者导购
  • 参考咨询
  • 我的图书馆
  • 登录
  • 详细信息显示
  • 放入我的书架
  • 预约/预借图书
  • 作者相关作品
  • 分类相关作品
  • 丛书相关作品
  • 出版社相关作品

书目信息

  • 表格格式
  • 工作单格式
  • 卡片格式
题名:
数学教学的趣味数独设计
    
 
作者: 秦赟 , 闫淼 编著
分册:  
出版信息: 合肥   安徽人民出版社  2015
页数: 216页
开本: 23cm
丛书名: 最新学校与教育系列丛书
单 册:
中图分类: G633.602 , G898.2
科图分类:
主题词: 数学教学--shu xue jiao xue--教学研究--中小学 , 智力游戏--zhi li you xi--教学研究--中小学
电子资源:
ISBN: 978-7-212-05052-8
000 01050nam 2200301 45
001 012001000956
005 20131025141509.0
010    @a978-7-212-05052-8@dCNY27.60
099    @aCAL 012012235174
100    @a20120824d2012 em y0chiy50 ea
101 0  @achi
102    @aCN@b340000
105    @aa z 000yy
106    @ar
200 1  @a数学教学的趣味数独设计@Ashu xue jiao xue de qu wei shu du she ji@f秦赟, 闫淼编著
210    @a合肥@c安徽人民出版社@d2015
215    @a216页@c图@d23cm
225 2  @a最新学校与教育系列丛书@Azui xin xue xiao yu jiao yu xi lie cong shu
330    @a本书针对学生在学习数独中出现的问题, 有步骤、有梯度地引导学生学会从不同的角度去分析问题和解答题目。
410  0 @12001@a最新学校与教育系列丛书
606 0  @a数学教学@Ashu xue jiao xue@x教学研究@x中小学
606 0  @a智力游戏@Azhi li you xi@x教学研究@x中小学
690    @aG633.602@v5
690    @aG898.2@v5
701  0 @a秦赟@Aqin bin@4编著
701  0 @a闫淼@Ayan miao@4编著
801  0 @aCN@b江苏凤凰@c20191020
905    @b1221985-8@dG633.602@e786@f4
    
    数学教学的趣味数独设计/秦赟, 闫淼编著.-合肥:安徽人民出版社,2015
    216页:图;23cm.-(最新学校与教育系列丛书)
    
    
    ISBN 978-7-212-05052-8:CNY27.60
    本书针对学生在学习数独中出现的问题, 有步骤、有梯度地引导学生学会从不同的角度去分析问题和解答题目。
●
相关链接 在E读中查询图书 在五车中查询图书 在当当中查询图书 在豆瓣中查询图书


正题名:数学教学的趣味数独设计     索取号:G633.602/786         预约/预借

序号 登录号 条形码 馆藏地/架位号 状态 备注
1 1221985   212219856   第一样本阅览室/ [索取号:G633.602/786] 在馆    
2 1221986   212219865   教育系资料室/ [索取号:G633.602/786] 在馆    
3 1221987   212219874   教育系资料室/ [索取号:G633.602/786] 在馆    
4 1221988   212219883   第四借阅区/ [索取号:G633.602/786] 在馆    
唐山师范学院图书馆 欢迎您!
大连网信软件有限公司© 版权所有